El Proletariado: fuerza motriz del progreso social /

Uloženo v:
Podrobná bibliografie
Hlavní autor: Koval, Boris
Další autoři: Koroliov, Yuri
Médium: Text
Tagy: Přidat tag
Žádné tagy, Buďte první, kdo vytvoří štítek k tomuto záznamu!

MARC

LEADER 00000 a a2200000 04500
001 648
003
040
100 |a Koval, Boris  
245 |a El Proletariado:   |b fuerza motriz del progreso social /  |c Boris Koval ; Yuri Koroliov 
700 |a Koroliov, Yuri  
773 |g número 4; páginas 4-25  
999 |c 38834  |d 38834